[Event "Kishinev op"]
[Site "Kishinev"]
[Date "2014.01.25"]
[Round "8"]
[White "Verbin, Valentina"]
[Black "Pleshca, Constantin"]
[Result "1/2-1/2"]
[WhiteElo "1511"]
[BlackElo "1372"]
[PlyCount "103"]
[EventDate "2014.01.18"]
[EventType "swiss"]
[EventRounds "9"]
[EventCountry "MDA"]
[SourceTitle "EXT 2016"]
[Source "ChessBase"]
[SourceDate "2015.10.08"]
[SourceVersion "1"]
[SourceVersionDate "2015.10.08"]
[SourceQuality "1"]

1. e4 c5 2. Nf3 d6 3. d4 cxd4 4. Nxd4 Nf6 5. Nc3 a6 6. Be3 e6 7. f3 b5 8. Qd2 Bb7 9. g4 Nbd7 10. 0-0-0 Nb6 11. Kb1 Nfd7 12. h4 Be7 13. g5 Ne5 14. Bf2 Nec4 15. Bxc4 Nxc4 16. Qe2 Rc8 17. Qd3 Qb6 18. Rh2 Qc7 19. Bg3 Qc5 20. Nb3 Qc6 21. Ne2 e5 22. Bf2 0-0 23. Rg1 d5 24. Nc3 Na3+ 25. Kc1 d4 26. Na5 Qc7 27. Nxb7 Qxb7 28. Nd5 Nxc2 29. Kb1 Nb4 30. Nxb4 Bxb4 31. Bg3 Qe7 32. f4 exf4 33. Bxf4 Rfe8 34. e5 Qe6 35. g6 fxg6 36. h5 Qf5 37. Qxf5 gxf5 38. Rhg2 Re7 39. Bh6 Rcc7 40. Rg5 Rf7 41. e6 Rfe7 42. Rxf5 Rxe6 43. Bf4 Rce7 44. Rd5 Re1+ 45. Rxe1 Rxe1+ 46. Kc2 Re4 47. Be5 Kf7 48. Kd3 Rh4 49. Bxd4 Ke6 50. Re5+ Kd6 51. Rg5 Rh3+ 52. Kc2 1/2-1/2

[Event "Kishinev Victoriei Cup"]
[Site "Kishinev"]
[Date "2007.05.03"]
[Round "1"]
[White "Pleshca, Constantin"]
[Black "Panush, Viktor"]
[Result "0-1"]
[WhiteElo "2146"]
[BlackElo "2226"]
[PlyCount "34"]
[EventDate "2007.04.30"]
[EventType "tourn"]
[EventRounds "14"]
[EventCountry "MDA"]
[SourceTitle "EXT 2022"]
[Source "ChessBase"]
[SourceDate "2021.10.06"]
[SourceVersion "1"]
[SourceVersionDate "2021.10.06"]
[SourceQuality "1"]

1. e4 c6 2. d4 d5 3. exd5 cxd5 4. Bd3 Nc6 5. c3 Qc7 6. f4 Nf6 7. Nf3 Bg4 8. 0-0 Ne4 9. Qe1 f5 10. Ne5 Nxe5 11. fxe5 e6 12. Bb5+ Kd8 13. h3 h5 14. hxg4 hxg4 15. Nd2 Qxe5 16. dxe5 Bc5+ 17. Rf2 Ng3 0-1

[Event "Kishinev Primavara"]
[Site "Kishinev"]
[Date "2007.04.06"]
[Round "2"]
[White "Greabca, Irina"]
[Black "Pleshca, Constantin"]
[Result "1-0"]
[WhiteElo "2162"]
[BlackElo "2221"]
[PlyCount "35"]
[EventDate "2007.03.30"]
[EventType "tourn"]
[EventRounds "14"]
[EventCountry "MDA"]
[SourceTitle "EXT 2022"]
[Source "ChessBase"]
[SourceDate "2021.10.06"]
[SourceVersion "1"]
[SourceVersionDate "2021.10.06"]
[SourceQuality "1"]

1. e4 g6 2. d4 Bg7 3. Nc3 d6 4. Be3 Nf6 5. Qd2 c6 6. f3 0-0 7. 0-0-0 b5 8. g4 Qa5 9. Kb1 Re8 10. h4 e5 11. h5 Nfd7 12. hxg6 fxg6 13. d5 b4 14. dxc6 bxc3 15. Bc4+ d5 16. cxd7 Bxd7 17. Qxd5+ Qxd5 18. Bxd5+ 1-0

[Event "Kishinev Primavara"]
[Site "Kishinev"]
[Date "2007.04.06"]
[Round "2"]
[White "Pleshca, Constantin"]
[Black "Panush, Viktor"]
[Result "0-1"]
[WhiteElo "2221"]
[BlackElo "2215"]
[PlyCount "72"]
[EventDate "2007.03.30"]
[EventType "tourn"]
[EventRounds "14"]
[EventCountry "MDA"]
[SourceTitle "EXT 2022"]
[Source "ChessBase"]
[SourceDate "2021.10.06"]
[SourceVersion "1"]
[SourceVersionDate "2021.10.06"]
[SourceQuality "1"]

1. e4 e6 2. d4 d5 3. Nc3 Bb4 4. Bd2 dxe4 5. Qg4 Qxd4 6. 0-0-0 f5 7. Bg5 Qxf2 8. Qh5+ g6 9. Rd8+ Kf7 10. Qd1 Nc6 11. Nh3 Qb6 12. Nd5 Qa5 13. Nxb4 Qxb4 14. Bd2 Qe7 15. Ng5+ Kg7 16. Rxc8 Rxc8 17. Bc4 Nd8 18. g4 h6 19. Nh3 Nf6 20. gxf5 exf5 21. Nf4 Nf7 22. Bc3 Kh7 23. Qd4 Nd6 24. Rg1 g5 25. Be6 Rcf8 26. Qe5 Ng4 27. Bg8+ Rhxg8 28. Qxe7+ Rf7 29. Qe6 gxf4 30. h3 Rg6 31. Qb3 Nf6 32. Rd1 Re7 33. Bxf6 Rxf6 34. Rg1 Rff7 35. Qa3 a6 36. c4 Nxc4 0-1